| 000 | 010590000a22002050004500 | ||
|---|---|---|---|
| 020 | _a978-84-8169-463-5 | ||
| 082 | 0 | 4 | _aG 270.072 A2841e |
| 100 | 1 | _aAguirre, Rafael | |
| 245 | 1 | 0 | _aEnsayo sobre los orígenes del cristianismo : de la religión política de Jesús a la religión doméstica de Pablo / Rafael Aguirre |
| 260 | _aEstella, Navarra : Verbo Divino | ||
| 300 | _a190 páginas | ||
| 501 | _arústico | ||
| 505 | 0 | 0 | _aEl reino de Dios: la religión política de Jesús -- La tensa relación entre Iglesia y Reino de Dios -- La estrategia evangelizadora de Pablo: la religión doméstica -- Conflicto y paz en la Biblia -- El extranjero en el cristianismo primitivo -- Los caminos del Espíritu: Felipe, Pedro, Pablo -- La fe en Dios como libertad -- El poder en la Iglesia según el Nuevo Testamento |
| 650 | 1 | 4 | _aBIBLIA N.T. \ CRISTIANISMO Y POLITICA \ IGLESIA - HISTORIA \ IGLESIA PRIMITIVA |
| 001 | 18637 | ||
| 942 | _cBK | ||
| 999 |
_c45052 _d45052 |
||
| 336 |
_atexto _btxt _2rdacontent |
||
| 337 |
_2rdamedia _asin mediación _bn |
||
| 338 |
_2rdacarrier _avolumen _bnc |
||